|
|
|
|
| LEADER |
00000nab#a22000007a#4500 |
| 001 |
arbauad043846 |
| 003 |
AR-BaUAD |
| 005 |
20250711113410.0 |
| 008 |
000502|||||||||###||||||b###|0###a|spa|| |
| 040 |
|
|
|a AR-BaUAD
|c AR-BaUAD
|b spa
|
| 100 |
|
|
|a Legêne, Susan
|
| 245 |
|
|
|a Le Tropenmuseum :
|b Amsterdam Pays-Bas /
|c Susan Legêne;
|
| 300 |
0 |
|
|b fot.
|
| 653 |
|
|
|a MUSEOS
|
| 653 |
|
|
|a MUSEOS ETNOGRAFICOS
|
| 653 |
|
|
|a CRITICA DE LA ARQUITECTURA
|
| 653 |
|
|
|a TROPENMUSEUM
|
| 653 |
|
|
|a PAISES BAJOS
|
| 653 |
|
|
|a AMSTERDAM
|
| 773 |
0 |
|
|t L'ARCH. D'AUJOURD'HUI
|g no. 326 [feb. 2000], p. 30-31
|
| 942 |
|
|
|c ARTI
|
| 952 |
|
|
|0 0
|1 0
|4 0
|7 0
|9 88765
|a AR-BAuAD
|b AR-BAuAD
|d 2025-07-11
|l 0
|p AAQA043846
|r 2025-07-11 11:34:10
|w 2025-07-11
|y ARTI
|
| 990 |
|
|
|a AQ200
|b TD
|
| 998 |
|
|
|a AAQ
|b BIBUN76
|
| 999 |
|
|
|c 68438
|d 68438
|